00739 2200217 4500001002100000005001700021008004100038035002400079082001400103090002600117110005100143245013900194260006500333300002800398650003400426850001600460980001500476985000600491986000900497999001500506YOGYA-0209000004492320090227030557.0 ind  0010-020900000044923 a349.59823 a349.59823bYog HlYOG aYOGYAKARTA (Daerah Istimewa) [PEraturan, dsb.] aHimpunan peraturan tentang pembentukan, susunan organisasi dan tatkerja sekretariat wilayah Daerah Propinsi Daerah Istimewa Yogyakarta aYogyakartabBiro Hukum Sekretariat Wilayah/Daerahc1992/1993 a445 lembarbilusc32 cm aYogyakarta - Peraturan Daerah aYOPDDIy [B] a17-01-2008 a1 aRuni a07A0027235